|
|
|
|
| LEADER |
00000nam0a2200000 4500 |
| 001 |
253750 |
| 005 |
20231101232855.0 |
| 020 |
|
|
|a RU
|b 89-42451
|
| 035 |
|
|
|a (RuTPU)RU\TPU\book\276159
|
| 090 |
|
|
|a 253750
|
| 100 |
|
|
|a 20140315d1989 k y0rusy5003 ca
|
| 101 |
0 |
|
|a rus
|
| 102 |
|
|
|a RU
|
| 105 |
|
|
|a y z 001zy
|
| 200 |
1 |
|
|a Многомашинная СУБД с обобщенной моделью данных
|f О. А. Полукеев [и др.]
|g Академия наук СССР (АН СССР), Вычислительный центр
|
| 210 |
|
|
|a Москва
|c ВЦ АН СССР
|d 1989
|
| 215 |
|
|
|a 159 с.
|
| 320 |
|
|
|a Библиогр.: с. 148-152 (61 назв.).
|
| 606 |
1 |
|
|a Базы данных
|2 stltpush
|3 (RuTPU)RU\TPU\subj\27973
|9 51601
|
| 610 |
1 |
|
|a СУБД
|
| 610 |
1 |
|
|a назначение
|
| 610 |
1 |
|
|a применение
|
| 610 |
1 |
|
|a компоненты
|
| 610 |
1 |
|
|a данные
|
| 610 |
1 |
|
|a манипулирование
|
| 675 |
|
|
|a 681.3.016
|z rus
|v 3
|
| 701 |
|
1 |
|a Полукеев
|b О. А.
|
| 701 |
|
1 |
|a Пржиялковский
|b В. В.
|
| 701 |
|
1 |
|a Тихомиров
|b С. Е.
|
| 701 |
|
1 |
|a Филиппов
|b В. И.
|
| 701 |
|
1 |
|a Шкотин
|b А. В.
|
| 712 |
0 |
2 |
|a Академия наук СССР (АН СССР)
|b Вычислительный центр
|2 stltpush
|3 (RuTPU)RU\TPU\col\11481
|
| 801 |
|
0 |
|a RU
|b RuMRKP
|c 19950417
|g psbo
|
| 801 |
|
1 |
|a RU
|b 63413507
|c 20140315
|
| 801 |
|
2 |
|a RU
|b 63413507
|c 20140517
|g RCR
|
| 942 |
|
|
|c BK
|